A - Z Keeper of the Lost Cities Quiz - Statistics

General Stats
  • This quiz has been taken 437 times
    209 since last reset
  • The average score is 51 of 80
Answer Stats
Hints Answer % Correct
The Moonlark Sophie Foster
100%
"I'd rather be punished for making the right decision than live with the quilt of making the wrong one for the rest of my life." Sophie Foster
100%
Which book is Exile? 2
95%
Teal-eyed Wonderboy Fitz Vacker
93%
"We could all use a little more weird in our lives." Fitz Vacker
93%
Lord Hunkyhair Keefe Sencen
93%
"You did not just insult the hair." Keefe Sencen
93%
"Trust the empath." Keefe Sencen
93%
Bangs Boy Tam Song
90%
Dude, save your daddy issues for another time." Tam Song
90%
How many Keeper books will there be (or are) in total? 10 or 11
86%
Which book is Everblaze? 3
83%
Which book is Lodestar? 5
83%
Girl of Many Floods Linh Song
83%
"Happy shadow thoughts." Linh Song
83%
Which book is Flashback? 7
82%
Which book is Legacy? 8
82%
Which book is Stellarlune? 9
82%
Princess Pretty-Pants ____ Biana Vacker
82%
Who said this: "Sparkles make everything better." Biana Vacker
82%
Which book is Neverseen? 4
81%
which book is Nightfall? 6
81%
The Moonlark's bodyguard Sandor
81%
What are the three Dizznee triplets named? Bex
78%
Telepath
78%
Lex
77%
Hunkyhair's bodyguard Ro
77%
Rex
76%
Which book is Unlocked? 8.5
73%
KOTLC book one publication year 2012
71%
Oralie
71%
Who is Sophie’s biological mother? Oralie
71%
Book 8.5 publication year 2020
70%
Inflictor
70%
Book 2 publication year 2013
69%
Book 3 publication year 2013
69%
Book 4 publication year 2015
69%
Book 6 publication year 2017
69%
Book 7 publication year 2018
69%
Book 8 publication year 2019
69%
Book 9 publication year 2022
69%
Wonderboy's bodyguard Grizel
69%
Book 5 publication year 2016
68%
"I have a land named after me?" Dex Dizznee
68%
Teleporter
68%
Sophie's emotional support animal name Ella
66%
Moonlark's abilities Enhancer
66%
What species is Sandor & Grizel? Goblin
66%
Polyglot
66%
How old is the main character in the Stellarlune? 16
63%
Kenric
61%
What species is Bo & Ro? Ogre
61%
Bronte
57%
Emery
57%
What is Sophie's pet named? Iggy the imp
56%
Squall Juline Dizznee
56%
Granite Tiergan
56%
Who is the author? Shannon Messenger
52%
Who is Sophie’s human sister? (original name) Amy Rose
50%
Sophie's animal species elephant
50%
What is Sophie and Fitz’s ship name? Fitzphie
45%
Luna
44%
Terik
43%
Fitz's emotional support stuffed animal species Dragon
42%
Wynn
40%
Who are Glitterbutt's family members? Grayfell
37%
What is Sophie and Keefe’s ship name? Sokeefe
37%
Fitz's emotional support stuffed animal name Mr. Snuggles
36%
What is the bond between Sophie and Fitz's telepathy called? Cognates
34%
Clarette
33%
Noland
32%
Zarina
32%
Keefe's emotional support stuffed animal species Gulon
31%
Keefe's emotional support stuffed animal name Mrs. Stinkbottom
31%
Darek
29%
Velia
26%
Liora
24%
Councilors: Ramira
16%
What is Glitter Butt's real name? Sylveny
6%
Who is the artist for Unlocked official art? Laura Hollingsworth
4%
No matching quizzes found
Score Distribution
Percent of People with Each Score
Percentile by Number Answered
Your Score History
You have not taken this quiz since the last reset